"Détournement du Pouvoir"

Elmentve itt :
Bibliográfiai részletek
Szerző: Egry Aurél
Dokumentumtípus: Cikk
Megjelent: 1928
Sorozat:Polgári jog : a hazai és külföldi magánjog és hiteljog szemléje 4 No. 1-2
Kulcsszavak:Népszövetség, Nemzetközi bíráskodás Európa
Online Access:http://misc.bibl.u-szeged.hu/4767
LEADER 00626nab a2200169 i 4500
001 misc4767
005 20191106142851.0
008 170607s1928 hu o 0|| hun d
040 |a SZTE Miscellanea Repozitórium  |b hun 
041 |a hun 
100 1 |a Egry Aurél 
245 1 0 |a "Détournement du Pouvoir"  |h [elektronikus dokumentum] /  |c  Egry Aurél 
260 |c 1928 
300 |a 4-9a 
490 0 |a Polgári jog : a hazai és külföldi magánjog és hiteljog szemléje  |v 4 No. 1-2 
695 |a Népszövetség, Nemzetközi bíráskodás Európa 
856 4 0 |u http://misc.bibl.u-szeged.hu/4767/1/polgari_jog_1928_004-009a.pdf  |z Dokumentum-elérés